| 000 | 00854cam a22002653a 4500 | ||
|---|---|---|---|
| 001 | 23 | ||
| 003 | PGUSA | ||
| 005 | 20140828082942.0 | ||
| 008 | 060112s2006||||xxu|||||s|||||000 | eng d | ||
| 040 |
_aPGUSA _beng |
||
| 042 | _adc | ||
| 050 | 4 | _aE300 | |
| 100 | 1 |
_aDouglass, Frederick, _d1818-1895 |
|
| 245 | 1 | 0 |
_aNarrative of the Life of Frederick Douglass, an American Slave _h[electronic resource] / _cFrederick Douglass |
| 260 |
_bProject Gutenberg, _c2006 |
||
| 506 | _aPublic domain in the USA. | ||
| 516 | _aElectronic text | ||
| 653 | _aSlaves -- United States -- Biography | ||
| 653 | _aAfrican American abolitionists -- Biography | ||
| 653 | _aDouglass, Frederick, 1818-1895 | ||
| 653 | _aAbolitionists -- United States -- Biography | ||
| 830 | 0 |
_aProject Gutenberg _v23 |
|
| 856 | 4 | 0 | _uhttp://www.gutenberg.org/ebooks/23 |
| 942 | _cEB | ||
| 999 |
_c229394 _d229394 |
||